Connect the Country Names #1 - Statistics

General Stats
  • This quiz has been taken 104 times
  • The average score is 22 of 24
Answer Stats
Hint Answer % Correct
CAM BODIA
100%
ROMA NIA
99%
ZAM BIA
98%
FRAN CE
98%
L AOS
97%
BUL GARIA
97%
GHA NA
97%
ETHI OPIA
95%
GEO RGIA
95%
TUNI SIA
95%
PORT UGAL
95%
CAN ADA
94%
MAURITAN IA
94%
BE LIZE
94%
SAINT LUCIA
94%
NOR WAY
94%
MAL DIVES
93%
UZBE KISTAN
93%
UK RAINE
93%
S PAIN
92%
C HAD
90%
PAKI STAN
85%
TAJIK ISTAN
84%
KYRGYZS TAN
84%
No matching quizzes found
Score Distribution
Percent of People with Each Score
Percentile by Number Answered
Your Score History
You have not taken this quiz